|
|
|
|
| LEADER |
01317nam a2200349 a 4500 |
| 001 |
29370 |
| 003 |
BD-DhAAL |
| 005 |
20190523114844.0 |
| 008 |
150615s2008 ne a 000 0 eng d |
| 999 |
|
|
|c 34721
|d 34721
|
| 010 |
|
|
|a 2008464663
|
| 020 |
|
|
|a 9789056625207
|
| 020 |
|
|
|a 9056625209
|
| 035 |
|
|
|a (OCoLC)ocn233033419
|
| 040 |
|
|
|a XS#
|c XS#
|d OHX
|d CDX
|d BWX
|d BAKER
|d IXA
|d YDXCP
|d DLC
|d BD-DhAAL
|
| 041 |
1 |
|
|a eng
|h und
|
| 050 |
0 |
0 |
|a NA9031
|b .S6185 2008
|
| 082 |
0 |
4 |
|a 711.4
|2 21
|
| 100 |
1 |
|
|a Solà-Morales i Rubió, Manuel de.
|9 12054
|
| 245 |
1 |
2 |
|a A matter of things /
|c Manuel de Solà-Morales ; with contributions by Kenneth Frampton and Hans Ibelings.
|
| 260 |
|
|
|a Rotterdam :
|b NAi Publishers,
|c c2008.
|
| 300 |
|
|
|a 223 p. :
|b ill. (some col.) ;
|c 26 cm.
|
| 526 |
|
|
|a ARC
|
| 541 |
|
|
|e 29370
|
| 600 |
1 |
0 |
|a Solà-Morales i Rubió, Manuel de.
|9 12055
|
| 650 |
|
0 |
|a City planning.
|9 12056
|
| 650 |
|
0 |
|a Architecture, Modern
|y 21st century.
|9 12057
|
| 650 |
|
0 |
|a Architecture, Modern
|y 20th century.
|9 12058
|
| 700 |
1 |
|
|a Frampton, Kenneth.
|9 12059
|
| 700 |
1 |
|
|a Ibelings, Hans.
|9 12060
|
| 942 |
|
|
|2 ddc
|c BK
|
| 952 |
|
|
|0 0
|1 0
|2 ddc
|4 0
|6 711_400000000000000_SOL
|7 0
|9 54296
|a BRACUL
|b BRACUL
|c GEN
|d 2015-06-15
|e Karim International
|g 6250.00
|l 3
|m 9
|o 711.4 SOL
|p 3010029370
|q 2026-06-29
|r 2024-07-02
|s 2024-07-02
|t 1
|w 2015-06-15
|y BK
|